Standard Life Investments Property Holdings Limited v W & J Linney Limited (Record no. 82771)
[ view plain ]
| 000 -LEADER | |
|---|---|
| fixed length control field | 01544cab a22002295a 4500 |
| 001 - CONTROL NUMBER | |
| control field | L151326 |
| 008 - FIXED-LENGTH DATA ELEMENTS--GENERAL INFORMATION | |
| fixed length control field | 101021e20100225xxk 000 0 eng d |
| 035 ## - SYSTEM CONTROL NUMBER | |
| System control number | (Sirsi) u151326 |
| 041 0# - LANGUAGE CODE | |
| Language code of text/sound track or separate title | eng |
| 245 00 - TITLE STATEMENT | |
| Title | Standard Life Investments Property Holdings Limited v W & J Linney Limited |
| 260 ## - PUBLICATION, DISTRIBUTION, ETC. | |
| Date of publication, distribution, etc. | 2010 |
| 520 ## - SUMMARY, ETC. | |
| Summary, etc. | [2010] EWHC 480 (Ch), 25th February 2010. Highlights the failure to properly exercise rights to terminate commercial leases, wherein the common law provides that a notice to quit must be given to the immediate landlord. Considers whether the defendant L had given notice to operate a break clause in a lease to the correct landlord, Capita or the plaintiff S to whom Capita had granted an overriding lease effectively making S L's landlord. Held: L sent a break notice to Capita which it thought was its landlord whereas S was the overriding landlord. Judgment against L as it had served its break on the wrong landlord. |
| 590 ## - LOCAL NOTE (RLIN) | |
| Local note | KA |
| 650 24 - SUBJECT ADDED ENTRY--TOPICAL TERM | |
| Topical term or geographic name entry element | STANDARD LIFE INVESTMENTS PROPERTY HOLDINGS LTD V W & J LINNEY LTD |
| 650 24 - SUBJECT ADDED ENTRY--TOPICAL TERM | |
| Topical term or geographic name entry element | BASS HOLDINGS LTD V MORTON MUSIC LTD |
| 650 24 - SUBJECT ADDED ENTRY--TOPICAL TERM | |
| Topical term or geographic name entry element | NORWICH UNION LIFE & PENSIONS V LINPAC MOULDINGS LTD |
| 650 24 - SUBJECT ADDED ENTRY--TOPICAL TERM | |
| Topical term or geographic name entry element | MORRIS, R (ON THE APPLICATION OF) LONDON RENT ASSESSMENT COMMITTEE |
| 651 #4 - SUBJECT ADDED ENTRY--GEOGRAPHIC NAME | |
| Geographic name | England and Wales |
| Chronological subdivision | 1543- |
| 690 ## - LOCAL SUBJECT ADDED ENTRY--TOPICAL TERM (OCLC, RLIN) | |
| Topical term or geographic name as entry element | PROPERTY-COMMERCIAL PROPERTY-LEASEHOLD COMMERCIAL PROPERTY-COMMERCIAL LANDLORD AND TENANT-COMMERCIAL LEASES |
| 856 40 - ELECTRONIC LOCATION AND ACCESS | |
| Uniform Resource Identifier | <a href="https://www.bailii.org/ew/cases/EWHC/Ch/2010/480.html">https://www.bailii.org/ew/cases/EWHC/Ch/2010/480.html</a> |
| Public note | View the law report free of charge at www.bailii.org |
| 942 ## - ADDED ENTRY ELEMENTS (KOHA) | |
| Suppress in OPAC | 0 |
| Withdrawn status | Lost status | Source of classification or shelving scheme | Damaged status | Not for loan | Home library | Current library | Shelving location | Date acquired | Total Checkouts | Full call number | Barcode | Date last seen | Copy number | Price effective from | Koha item type |
|---|---|---|---|---|---|---|---|---|---|---|---|---|---|---|---|
| Dewey Decimal Classification | Virtual | Virtual | Online | 21/10/2010 | ONLINE PUBLICATION | 151326-2001 | 06/08/2019 | 1 | 06/08/2019 | Law report |